000 00620cam a2200205 a 4500
001 000007713
005 20200929154254.0
008 850930s1987 sp a 000 0 eng
040 _aDO-SdBNP
_beng
_cLC
_dBNPHU
082 _a863.64
_bA345y, 1987
100 1 _aAlburquerque Pérez, Antonio.
_921382
245 1 0 _aYou will eat from my hand /
_cAntonio Alburquerque Perez.
250 _a3a ed.
260 _aMadrid :
_bA. Alburquerque Pérez,
_c1987.
300 _a93 p. :
_bil. ;
_c18 cm.
650 4 _aNovela española
_91123
650 4 _aLiteratura española
_9632
910 _aCatalogación derivada
049 _aBNGR
999 _c7491
_d7491